Welcome to CU Library Online Public Access Catalogue (OPAC)

Cases in marketing management / (Record no. 5716)

MARC details
000 -LEADER
fixed length control field 00571cam a2200193 a 4500
001 - CONTROL NUMBER
control field 3987299
005 - DATE AND TIME OF LATEST TRANSACTION
control field 20250509123656.0
008 - FIXED-LENGTH DATA ELEMENTS--GENERAL INFORMATION
fixed length control field 950531s1995 enka b 000 0 eng
020 ## - INTERNATIONAL STANDARD BOOK NUMBER
International Standard Book Number 0201627442
050 00 - LIBRARY OF CONGRESS CALL NUMBER
Classification number HF5415.13
Item number .M69 1995
082 00 - DEWEY DECIMAL CLASSIFICATION NUMBER
Classification number 658.8
Edition information 20
100 1# - MAIN ENTRY--PERSONAL NAME
Personal name Moutinho, Luiz.
245 10 - TITLE STATEMENT
Title Cases in marketing management /
Statement of responsibility, etc. Luiz Moutinho.
250 ## - EDITION STATEMENT
Edition statement 2nd ed.
260 ## - PUBLICATION, DISTRIBUTION, ETC.
Place of publication, distribution, etc. Wokingham, England ;
-- Reading, Mass. :
Name of publisher, distributor, etc. Addison-Wesley,
Date of publication, distribution, etc. c1995.
300 ## - PHYSICAL DESCRIPTION
Extent xii, 390 p. :
Other physical details ill. ;
Dimensions 24 cm.
650 #0 - SUBJECT ADDED ENTRY--TOPICAL TERM
Topical term or geographic name entry element Marketing
General subdivision Management
Form subdivision Case studies.
942 ## - ADDED ENTRY ELEMENTS (KOHA)
Source of classification or shelving scheme Library of Congress Classification
Koha item type Books
Suppress in OPAC No
999 ## -
-- 5716
-- 5716
Holdings
Withdrawn status Lost status Source of classification or shelving scheme Damaged status Not for loan Collection Home library Current library Shelving location Date acquired Total checkouts Full call number Barcode Date last seen Copy number Price effective from Koha item type
    Library of Congress Classification     Non-fiction Undergraduate Library (Christ Temple) Undergraduate Library (Christ Temple) General stacks 05/09/2025   HF5415.13 MOU ulct00002316 05/09/2025 1 05/09/2025 Books
    Library of Congress Classification     Non-fiction Undergraduate Library (Christ Temple) Undergraduate Library (Christ Temple) General stacks 05/09/2025   HF5415.13 MOU ulct00002317 05/09/2025 2 05/09/2025 Books
© 2023-2024 Copyright: Central University Libraries. All Rights Reserved | Created by: Mahone Tech Office